000 00395nam a2200145Ia 4500
008 240624s9999 xx 000 0 und d
041 _aeng
082 _a362.1 PIL
100 _aPILZER PAUL ZANE
245 _aNEW WELLNESS REVOLUTION HOW TO MAKE A FO
250 _a(2nd ed.)
260 _c2007
_aNew Jersey
_bJohn Wiley and Sons
300 _axviii, : 280 : p. : cm. ; 23
365 _cRS
_b33.33
999 _c12955
_d12955